| 000 | 00466nam a2200193Ia 4500 | ||
|---|---|---|---|
| 005 | 20240823014811.0 | ||
| 008 | 240823s9999||||xx |||||||||||||| ||und|| | ||
| 020 | _a81-224-1372-2 | ||
| 041 | _aENGLISH | ||
| 082 | _A515 P3 | ||
| 100 | _aShankar Rao G | ||
| 245 | 0 | _aNumerical Analysis | |
| 250 | _a2nd | ||
| 260 |
_c2003 _bNew Age International (P _aNew Delhi |
||
| 500 | _aYES | ||
| 650 |
_aNumerical Analysis _bMathematics |
||
| 942 | _cBK | ||
| 999 |
_c170935 _d170935 |
||